De veris principiis et vera ratione philosophandi contra pseudophilosophos Libri IV.
| Main Author: | |
|---|---|
| Other Authors: | |
| Format: | Book |
| Language: | Latin English Italian |
| Published: |
Roma,
Fratelli Bocca,
1956.
|
| Series: | Edizione nazionale dei classici del pensiero Itliano ;
ser. II, 3-4. |
| Subjects: |
MARC
| Tag | First Indicator | Second Indicator | Subfields |
|---|---|---|---|
| LEADER | 00000cam a22000001 4500 | ||
| 001 | in00000079900 | ||
| 005 | 20240417143415.0 | ||
| 008 | 870714s1956 it b 000 0 lat | ||
| 010 | |a 65040673 | ||
| 019 | |a 6545790 |a 42469988 |a 1166968071 | ||
| 029 | 1 | |a AU@ |b 000027063320 | |
| 035 | |a (OCoLC)ocm16628526 | ||
| 035 | |a (OCoLC)16628526 |z (OCoLC)6545790 |z (OCoLC)42469988 |z (OCoLC)1166968071 | ||
| 035 | |a (OCoLC)ocm16628526 | ||
| 040 | |a DLC |b eng |c DLC |d RBN |d NRC |d IXA |d LVB |d STF |d LGG |d OCLCF |d OCLCO |d OCLCQ |d OCLCO |d OCLCQ |d TJC |d OCLCO |d OCLCL | ||
| 041 | 0 | |a lat |a eng |a ita | |
| 042 | |a premarc | ||
| 050 | 0 | 0 | |a B785.N43 |b D4 1956 |
| 082 | 1 | 4 | |a 879.8 |b N73d |
| 100 | 1 | |a Nizolio, Mario, |d 1498-1566. |1 https://id.oclc.org/worldcat/entity/E39PBJtcJm74MFqF99bDMFFdwC | |
| 245 | 1 | 0 | |a De veris principiis et vera ratione philosophandi contra pseudophilosophos Libri IV. |c A cura di Quirinus Breen. |
| 260 | |a Roma, |b Fratelli Bocca, |c 1956. | ||
| 300 | |a 2 volumes |b frontispiece (volumes 1) |c 25 cm. | ||
| 336 | |a text |b txt |2 rdacontent | ||
| 337 | |a unmediated |b n |2 rdamedia | ||
| 338 | |a volume |b nc |2 rdacarrier | ||
| 490 | 1 | |a Edizione nazionale dei classici del pensiero Itliano, |v Ser. II, 3-4 | |
| 500 | |a At head of title: Mario Nizolio. | ||
| 500 | |a Introduction in English. | ||
| 504 | |a Includes bibliographical references. | ||
| 600 | 1 | 0 | |a Nizolio, Mario, |d 1498-1566. |
| 650 | 0 | |a Rhetoric |x Philosophy. | |
| 650 | 0 | |a Rhetoric, Medieval. | |
| 650 | 0 | |a Dialectic |v Early works to 1800. | |
| 650 | 0 | |a Dialectic. | |
| 600 | 1 | 6 | |a Nizolio, Mario, |d 1498-1566. |
| 650 | 6 | |a Rhétorique |x Philosophie. | |
| 650 | 6 | |a Rhétorique médiévale. | |
| 650 | 6 | |a Dialectique. | |
| 650 | 6 | |a Dialectique |v Ouvrages avant 1800. | |
| 650 | 7 | |a dialectic. |2 aat | |
| 600 | 1 | 7 | |a Nizolio, Mario, |d 1498-1566 |2 fast |0 (OCoLC)fst00062758 |1 https://id.oclc.org/worldcat/entity/E39PBJtcJm74MFqF99bDMFFdwC |
| 650 | 7 | |a Dialectic. |2 fast |0 (OCoLC)fst00892462 | |
| 650 | 7 | |a Rhetoric, Medieval. |2 fast |0 (OCoLC)fst01096987 | |
| 650 | 7 | |a Rhetoric |x Philosophy. |2 fast |0 (OCoLC)fst01096957 | |
| 655 | 7 | |a Early works. |2 fast |0 (OCoLC)fst01411636 | |
| 700 | 1 | |a Breen, Quirinus, |d 1896- |e editor. |1 https://id.oclc.org/worldcat/entity/E39PBJtMmBBRPmjrkKK4b3cVmd | |
| 776 | 0 | 8 | |i Online version: |a Nizolio, Mario, 1498-1566. |t De veris principiis et vera ratione philosophandi contra pseudophilosophos Libri IV. |d Roma, Fratelli Bocca, 1956 |w (OCoLC)613214003 |
| 830 | 0 | |a Edizione nazionale dei classici del pensiero Itliano ; |v ser. II, 3-4. | |
| 948 | |h HELD BY TXA - 65 OTHER HOLDINGS | ||
| 994 | |a Z0 |b TXA | ||
| 999 | f | f | |s a1da0393-ccfc-315c-b401-e244b5156d6f |i d62a0d9a-15f9-3d14-a7ef-48b0bee902a1 |t 0 |
| 952 | f | f | |p ric |a Texas A&M University |b Rellis Campus |c Joint Library Facility |d Remote Storage |t 0 |e B785.N43 D4 1956 |h Library of Congress classification |i unmediated -- volume |k v.2 |m A14806078448 |
| 952 | f | f | |p ric |a Texas A&M University |b Rellis Campus |c Joint Library Facility |d Remote Storage |t 0 |e B785.N43 D4 1956 |h Library of Congress classification |i unmediated -- volume |k v.1 |m A14806078430 |
| 998 | f | f | |a B785.N43 D4 1956 |s v.1-v.2 |t 0 |l Remote Storage |